| 000 | 02436cam a2200373Ia 4500 | ||
|---|---|---|---|
| 001 | SCP0NE10644PDF | ||
| 003 | BD-DhSAU | ||
| 005 | 20151012144307.0 | ||
| 006 | m|||||o||d|||||||| | ||
| 007 | cr|||| | ||
| 008 | 120329s2012 enkab sb 001 0 eng d | ||
| 020 | _a9781439888070 (ebook : PDF) | ||
| 040 |
_aBD-DhSAU _cBD-DhSAU |
||
| 090 |
_aSB351.C8 _bG46 2012 |
||
| 092 |
_a583.63 _bG328 |
||
| 245 | 0 | 0 |
_aGenetics, genomics and breeding of cucurbits _h[electronic resource] / _ceditors: Yi-Hong Wang, Tusar Kanti Behera, Chittaranjan Kole. |
| 260 |
_aSt. Helier, Jersey ; _aEnfield, N.H. : _bScience Publishers ; _aBoca Raton, Fla. : _bDistributed by CRC Press, _cc2012. |
||
| 300 |
_axxii, 418 p. : _bill. (some col.), maps. |
||
| 490 | 1 | _aGenetics, genomics and breeding of crop plants | |
| 504 | _aIncludes bibliographical references and index. | ||
| 505 | 0 | _a1. Major cucurbit crops / Yiqun Weng and Zhanyong Sun -- 2. Minor cucurbits / T.K. Behera ... [et al.] -- 3. Classical genetics and traditional breeding / Stephen R. King, Angela R. Davis and Todd C. Wehner -- 4. Breeding of squash and pumpkins / J. Brent Loy -- 5. Genetic diversity studies in cucurbits using molecular tools / C. Esteras, F. Nuez and B. Pic�o -- 6. Molecular genetic mapping and map-based cloning / Yi-Hong Wang -- 7. Mapping and molecular breeding of monogenic traits / Yi-Hong Wang -- 8. Genome mapping and QTL analysis in cucurbits / Hugo E. Cuevas, Jack E. Staub and Juan E. Zalapa -- 9. Genomic and functional genomic resources of melon / Zhangjun Fei and Yang Liu -- 10. Watermelon / Amnon Levi ... [et al.] -- 11. Cucumber genomics / Zhonghua Zhang, Jun He and Sanwen Huang -- 12. Sex expression in cucurbits / Rebecca Grumet and Jessica Taft -- 13. Future prospects / Hiroshi Ezura. | |
| 530 | _aAlso available in print edition. | ||
| 538 | _aMode of access: World Wide Web. | ||
| 650 | 0 |
_aCucurbitaceae _xBreeding. |
|
| 650 | 0 |
_aCucurbitaceae _xGenetics. |
|
| 650 | 0 |
_aCucurbitaceae _xGenome mapping. |
|
| 655 | 7 |
_aElectronic books. _2lcsh |
|
| 700 | 1 | _aWang, Yi-Hong. | |
| 700 | 1 | _aBehera, Tusar Kanti. | |
| 700 | 1 | _aKole, Chittaranjan. | |
| 776 | 1 |
_z9781578087662 (hardcover) _z157808766X (hardcover) |
|
| 830 | 0 | _aGenetics, genomics and breeding of crop plants. | |
| 856 | 4 | 0 |
_uhttp://marc.crcnetbase.com/isbn/9781439888070 _qapplication/PDF |
| 999 |
_c11889 _d11888 |
||